|
|
|
|
| LEADER |
00000nab a2200000 a 4500 |
| 001 |
vtls000741229 |
| 003 |
SK-MaSNL |
| 005 |
20260303235917.0 |
| 008 |
040806c2000 xo 0 slo |
| 015 |
|
|
|a SNBRB2000/12-29861
|
| 035 |
|
|
|a CLN000093071
|
| 040 |
|
|
|a SNKBUCL
|b slo
|c SNKBUCL
|e AACR2
|
| 041 |
0 |
|
|a slo
|
| 044 |
|
|
|a xo
|c SK
|
| 080 |
|
|
|a 687.1/.3.016:7.05
|2 UDC-MRF-SK2
|
| 080 |
|
|
|a 7.05:687.1/.3.016
|2 UDC-MRF-SK2
|
| 100 |
1 |
|
|a Mihalčínová, Anna
|4 ain
|9 848215
|
| 245 |
1 |
0 |
|a Móda sa nerodí len v New Yorku
|c Anna Mihalčínová, Lujza Flešar-Kafka
|
| 300 |
|
|
|b Fotogr.
|
| 600 |
1 |
7 |
|a Flešár-Kafka, Lujza
|2 snkbucl
|9 1074923
|
| 650 |
0 |
7 |
|a móda
|2 snkbucl
|9 19682
|
| 650 |
0 |
7 |
|a odevný dizajn
|2 snkbucl
|9 71100
|
| 655 |
|
7 |
|a články z novín a časopisov
|2 snkbucl
|9 267496
|
| 700 |
1 |
|
|a Flešar-Kafka, Lujza
|4 aut
|4 uin
|9 1074923
|
| 773 |
0 |
|
|t Národná obroda
|g Roč. 11, č. 277 (1.12.2000)
|
| 773 |
0 |
|
|t [Príl.] Štýl
|g Roč. 4, s. 18
|
| 850 |
|
|
|a Slovenská národná knižnica v Martine
|
| 852 |
|
|
|a SNK
|b KIS3GCP
|
| 999 |
|
|
|c 2528443
|d 2530373
|